[Event "OHRA-A"]
[Site "Amsterdam"]
[Date "1990.??.??"]
[Round "3"]
[White "Nunn, John DM"]
[Black "Beliavsky, Alexander G"]
[Result "0-1"]
[WhiteElo "2610"]
[BlackElo "2605"]

1.e4 e5 2.Nf3 Nc6 3.Bb5 a6 4.Ba4 Nf6 5.O-O b5 6.Bb3 Bb7 7.c3 Nxe4 8.d4 Na5
9.Bc2 exd4 10.b4 Nc4 11.Bxe4 Bxe4 12.Re1 d5 13.Nxd4 c5 14.bxc5 Bxc5 15.f3 O-O
16.fxe4 dxe4 17.Kh1 Re8 18.Be3 Nxe3 19.Rxe3 b4 20.Nd2 bxc3 21.N2b3 c2 22.Qd2 Bb6
23.Rc3 e3 24.Rxe3 Rxe3 25.Qxe3 a5 26.a4 Qd7 27.Rc1 Qxa4 28.Rxc2 Qb4 29.Rd2 a4
30.Nc1 a3 31.h3 Qb1 32.Qg1 Rd8 33.Ncb3 a2 34.Rd1 Qb2 35.Qe1 g6 36.Qe7 Qc3
37.Rf1 Qc4 38.Qf6 Rxd4 39.Nxd4 Bxd4 40.Qf4 Qxf1+  0-1

[Event "OHRA-A"]
[Site "Amsterdam"]
[Date "1990.??.??"]
[Round "4"]
[White "Azmaiparashvili, Zurab"]
[Black "Nunn, John DM"]
[Result "0-1"]
[WhiteElo "2575"]
[BlackElo "2610"]

1.d4 Nf6 2.c4 g6 3.Nc3 Bg7 4.e4 d6 5.Nf3 O-O 6.Be2 e5 7.O-O Nc6 8.d5 Ne7
9.Nd2 a5 10.a3 Bd7 11.b3 c5 12.Rb1 Ne8 13.b4 axb4 14.axb4 b6 15.Nb3 cxb4
16.Nb5 f5 17.f3 Nf6 18.Bd3 Bxb5 19.cxb5 Nd7 20.Bd2 Nc5 21.Bxb4 Bh6 22.Re1 fxe4
23.fxe4 Kg7 24.Bc4 Nb7 25.Nd4 exd4 26.Qxd4+ Rf6 27.e5 Rf4 28.Qc3 Kg8 29.g3 Rf7
30.e6 Rf5 31.Rf1 Rc8 32.Qd4 Rxf1+ 33.Rxf1 Nf5 34.Rxf5 Bg7 35.Qxg7+ Kxg7 36.Rf7+ Kg8
37.Bc3 Rc7  0-1

[Event "OHRA-A"]
[Site "Amsterdam"]
[Date "1990.??.??"]
[Round "5"]
[White "Nunn, John DM"]
[Black "Van der Wiel, John TH"]
[Result "1/2-1/2"]
[WhiteElo "2610"]
[BlackElo "2555"]

1.e4 e5 2.Nf3 Nc6 3.Bb5 a6 4.Ba4 Nf6 5.O-O Be7 6.Re1 b5 7.Bb3 O-O 8.a4 Bb7
9.d3 d6 10.Nc3 Na5 11.Ba2 b4 12.Ne2 c5 13.c3 bxc3 14.bxc3 c4 15.Ng3 cxd3
16.Qxd3 Bc8 17.Bg5 Nb7 18.Be3 Qa5 19.Qc4 Ng4  1/2-1/2

[Event "OHRA-A"]
[Site "Amsterdam"]
[Date "1990.??.??"]
[Round "6"]
[White "Kortschnoj, Viktor"]
[Black "Nunn, John DM"]
[Result "1-0"]
[WhiteElo "2630"]
[BlackElo "2610"]

1.d4 Nf6 2.c4 g6 3.Nc3 Bg7 4.e4 d6 5.Nf3 O-O 6.Be2 e5 7.O-O Nc6 8.d5 Ne7
9.Ne1 Nd7 10.Be3 f5 11.f3 f4 12.Bf2 g5 13.a4 Ng6 14.a5 Rf7 15.b4 Nf6 16.c5 Bf8
17.cxd6 Bxd6 18.Nd3 Rg7 19.Nc5 Nf8 20.Nb5 g4 21.Qe1 Qe8 22.fxg4 Nxg4 23.Ra3 Qg6
24.Bf3 Qh6 25.h3 Nxf2 26.Kxf2 Be7 27.Qc1 b6 28.Nd3 bxa5 29.Nxc7 Rb8 30.Rxa5 Qb6+
31.Ke2 Qd4 32.d6 Bxd6 33.Ne8 Be6 34.Nxd6 Qxd6 35.Rxe5 Rc8 36.Rc5 Rd8 37.Nxf4 Rf7
38.Nd5 Ng6 39.Rd1 Bxd5 40.exd5 Qg3 41.Rc8 Rdf8 42.Rxf8+ Rxf8 43.Qc4 Ne5 44.Qe4 Qh2
45.Bg4 Ng6 46.Rf1 Nf4+ 47.Kd2 h5 48.Bxh5 Nxh5 49.Qe6+ Kg7 50.Qg4+  1-0

[Event "OHRA-A"]
[Site "Amsterdam"]
[Date "1990.??.??"]
[Round "8"]
[White "Beliavsky, Alexander G"]
[Black "Nunn, John DM"]
[Result "1/2-1/2"]
[WhiteElo "2605"]
[BlackElo "2610"]

1.d4 Nf6 2.c4 g6 3.Nc3 Bg7 4.e4 d6 5.f3 O-O 6.Be3 c5 7.dxc5 dxc5 8.Qxd8 Rxd8
9.Bxc5 Nc6 10.Ba3 a5 11.Nd5 Nxd5 12.cxd5 Nb4 13.O-O-O e6 14.Bc4 exd5 15.Bxb4 axb4
16.Rxd5 Be6 17.Rxd8+ Rxd8 18.Bd5 Bh6+ 19.f4 Bxf4+ 20.Kb1 Bxd5 21.exd5 Rxd5
22.Nf3 g5 23.h3 h5 24.Re1 f5 25.Rf1 Kg7 26.g3 Be3 27.Re1 f4 28.g4 Kf6 29.Kc2 Rd8
30.Rd1 Rxd1  1/2-1/2

[Event "OHRA-A"]
[Site "Amsterdam"]
[Date "1990.??.??"]
[Round "9"]
[White "Nunn, John DM"]
[Black "Azmaiparashvili, Zurab"]
[Result "1/2-1/2"]
[WhiteElo "2610"]
[BlackElo "2575"]

1.e4 e5 2.Nf3 Nc6 3.Bc4 Bc5 4.c3 Nf6 5.b4 Bb6 6.d3 d6 7.Nbd2 O-O 8.Bb3 Ne7
9.Nc4 Ng6 10.O-O Be6 11.Re1 h6 12.Nxb6 Bxb3 13.Qxb3 axb6 14.b5 Re8 15.Bd2 Qd7
16.a4 d5  1/2-1/2

[Event "Bundesliga 8990"]
[Site "Germany"]
[Date "1990.??.??"]
[Round "?"]
[White "Gross, Stefan"]
[Black "Nunn, John DM"]
[Result "0-1"]
[WhiteElo "2435"]
[BlackElo "2575"]

1.c4 g6 2.Nc3 Bg7 3.d4 Nf6 4.e4 d6 5.Nf3 O-O 6.Be2 e5 7.Be3 h6 8.O-O Ng4
9.Bc1 Nc6 10.d5 Ne7 11.Ne1 f5 12.Bxg4 fxg4 13.Nc2 g5 14.Ne2 Qe8 15.Ng3 Qg6
16.Be3 h5 17.Re1 h4 18.Nf1 h3 19.Ng3 hxg2 20.Qd2 Rf4 21.c5 Qh6 22.Rec1 Bd7
23.Ne1 Kf7 24.f3 gxf3 25.Nxf3 Rxf3 26.Bxg5 Qg6 27.cxd6 cxd6 28.Rc7 Bh3 29.Qe2 Kg8
30.Qxf3 Qxg5 31.Nf5 Nxf5 32.Qxh3 Nd4 33.Rac1 Rf8 34.Rc8 Nf3+  0-1

[Event "Bundesliga 8990"]
[Site "Germany"]
[Date "1990.??.??"]
[Round "?"]
[White "Gschnitzer, Oswald"]
[Black "Nunn, John DM"]
[Result "0-1"]
[WhiteElo "2420"]
[BlackElo "2600"]

1.Nf3 g6 2.d4 Nf6 3.c4 Bg7 4.Nc3 O-O 5.e4 d6 6.Be2 e5 7.Be3 h6 8.O-O Ng4
9.Bc1 Nc6 10.d5 Ne7 11.Ne1 f5 12.Bxg4 fxg4 13.Nc2 g5 14.Ne3 Rf4 15.f3 gxf3
16.Rxf3 Qf8 17.Nb5 Qd8 18.Nc3 c6 19.g3 Rxf3 20.Qxf3 Qb6 21.Kg2 Bd7 22.Qe2 Rf8
23.Ned1 cxd5 24.cxd5 Ng6 25.Nf2 Kh7 26.Be3 Qa5 27.Bd2 Qb6 28.Rf1 a6 29.Nfd1 Nf4+
30.gxf4 exf4 31.Qd3 Be5 32.Ne3 Qc5 33.Nf5 Qc8 34.Rc1 Rxf5 35.exf5 Bxf5 36.Ne4 Qd7
37.Kf2 Kg6 38.Qc4 b5 39.Qd3 Bxb2 40.Re1 Qe7 41.Kg2 Qe5 42.Qf3 Qxd5 43.Re2 Be5
44.Nf2 Qc4 45.Ba5 h5 46.h3 Kh6 47.Rd2 Bd7 48.Qb3 f3+ 49.Kg1 Qf4 50.Kf1 Qg3
51.Qd3 Bf5 52.Ng4+ hxg4 53.Qxf5 Qxh3+ 54.Ke1 Qh1+ 55.Kf2 Bd4+  0-1

[Event "Bundesliga 8990"]
[Site "Germany"]
[Date "1990.??.??"]
[Round "?"]
[White "Seul, Georg"]
[Black "Nunn, John DM"]
[Result "0-1"]
[WhiteElo "2355"]
[BlackElo "2575"]

1.d4 Nf6 2.Nf3 g6 3.Bg5 Bg7 4.c3 O-O 5.Nbd2 d5 6.e3 Nbd7 7.b4 Re8 8.Be2 e5
9.Nb3 h6 10.Bxf6 Qxf6 11.O-O e4 12.Nfd2 Qg5 13.c4 Nf6 14.Kh1 c6 15.Rc1 Bf8
16.c5 Be7 17.Rc3 h5 18.f4 exf3 19.gxf3 Bf5 20.Rg1 Qh6 21.Nf1 Bd8 22.Bd3 Bh3
23.Nbd2 Bc7 24.Rb3 a6 25.a4 Kg7 26.Bc2 Re7 27.Qe1 h4 28.Qf2 Rae8 29.f4 Bg4
30.Qg2 Bxf4 31.h3 Bg3 32.hxg4 Nxg4 33.Qf3 Nxe3 34.Rxe3 Rxe3 35.Qg4 Rc3 36.Qd1 Bf2
37.Rg4 Qe3 38.Kg2 Bg3 39.Kh1 Rxc2  0-1

[Event "Bundesliga 8990"]
[Site "Germany"]
[Date "1990.??.??"]
[Round "?"]
[White "Ribli, Zoltan"]
[Black "Nunn, John DM"]
[Result "1/2-1/2"]
[WhiteElo "2605"]
[BlackElo "2600"]

1.Nf3 g6 2.d4 Bg7 3.e4 d6 4.Be2 Nf6 5.Nc3 O-O 6.O-O Bg4 7.Be3 Nc6 8.Qd2 e5
9.dxe5 dxe5 10.Rad1 Qc8 11.Qc1 Rd8 12.Rxd8+ Nxd8 13.Rd1 Ne6 14.h3 Bxf3 15.Bxf3 Qf8
16.Nd5 Nxd5 17.Rxd5 Nd4 18.Bxd4 exd4 19.e5 Qe7  1/2-1/2

[Event "Bundesliga 8990"]
[Site "Germany"]
[Date "1990.??.??"]
[Round "?"]
[White "Nunn, John DM"]
[Black "Pfleger, Helmut"]
[Result "1-0"]
[WhiteElo "2575"]
[BlackElo "2505"]

1.e4 d6 2.d4 Nf6 3.Nc3 g6 4.f4 Bg7 5.Nf3 O-O 6.Be2 c5 7.dxc5 Qa5 8.O-O Qxc5+
9.Kh1 Nc6 10.Bd3 Bg4 11.Qe1 Nb4 12.Be3 Nxd3 13.cxd3 Qa5 14.Nd2 Bd7 15.f5 Bb5
16.Nb3 Qa6 17.e5 dxe5 18.Nc5 Qc6 19.a4 Ba6 20.b4 b5 21.Nxa6 Qxa6 22.Nxb5 Qb7
23.Bc5 a6 24.Nc3 Rfd8 25.Rd1 Rd7 26.Qh4 Rad8 27.Qc4 Rc8 28.Ne4 gxf5 29.Nxf6+ Bxf6
30.Rxf5 Rd4 31.Qa2 Rg4 32.Qe2 Rg6 33.a5 Kh8 34.Qe4 Qd7 35.h3 Rcg8 36.g4 Rg5
37.Rdf1 Rxf5 38.Rxf5 Rd8 39.d4 exd4 40.Rh5 Kg8 41.Qxh7+ Kf8 42.Rg5 Qc6+ 43.Kg1 Ke8
44.Rg8+ Kd7 45.Qf5+ Qe6 46.Qxe6+ fxe6 47.Rxd8+ Kxd8 48.Kf2 e5 49.Kf3 Kc7
50.b5 axb5 51.Ke4 Kc6 52.Bb4 Bg5 53.Be1 Kc5 54.h4 Bf4 55.g5 b4 56.Bxb4+ Kxb4
57.a6  1-0

[Event "Bundesliga 8990"]
[Site "Germany"]
[Date "1990.??.??"]
[Round "?"]
[White "Nunn, John DM"]
[Black "Buchal, Stephan"]
[Result "1-0"]
[WhiteElo "2600"]
[BlackElo "2320"]

1.e4 g6 2.d4 Bg7 3.Nc3 d6 4.Be3 a6 5.f3 b5 6.g4 h5 7.gxh5 Rxh5 8.Nge2 Nc6
9.Qd2 b4 10.Nd5 a5 11.O-O-O Bb7 12.Nef4 Rh8 13.Bb5 e6 14.Qg2 Kf8 15.Nxe6+ fxe6
16.Nf4 Qf6 17.e5 Qf7 18.Nxg6+ Ke8 19.f4 d5 20.Nxh8 Bxh8 21.Qh3 Bg7 22.f5 exf5
23.Rhg1 Ne7 24.e6 Qf8 25.Qh7 Bf6 26.Bh6 Qh8 27.Qf7+ Kd8 28.Bf8 Kc8 29.Bxc6 Nxc6
30.Rg8  1-0

[Event "Bundesliga 8990"]
[Site "Germany"]
[Date "1990.??.??"]
[Round "?"]
[White "Mainka, Romuald"]
[Black "Nunn, John DM"]
[Result "1/2-1/2"]
[WhiteElo "2445"]
[BlackElo "2600"]

1.e4 e5 2.Nf3 Nc6 3.Bb5 a6 4.Ba4 Nf6 5.O-O Be7 6.Re1 b5 7.Bb3 O-O 8.a4 Bb7
9.d3 d6 10.c3 Na5 11.Bc2 c5 12.Na3 c4 13.Bg5 cxd3 14.Bxf6 Bxf6 15.axb5 axb5
16.Qxd3 b4 17.cxb4 Nc6 18.Qd2 Nd4 19.Nxd4 exd4 20.Bb1 Re8 21.f4 g5 22.Bd3 Rc8
23.Kh1 Bg7 24.Nc4 Bh6 25.Ra7 Bxe4 26.Rxe4 Rxe4 27.Bxe4 Rxc4 28.Bd5 Rc7 29.Ra8 Rc8
30.Rxc8 Qxc8 31.g3 d3 32.Qc3 Qf5 33.Bb7 Bf8 34.Bf3 Qb5 35.Kg2 d5 36.Qd4 Bxb4
37.Qxd5 Qxd5 38.Bxd5 d2 39.Bf3 f6 40.Kf2 Kf7 41.Ke3  1/2-1/2

[Event "Bundesliga 8990"]
[Site "Germany"]
[Date "1990.??.??"]
[Round "?"]
[White "Mack, Peter"]
[Black "Nunn, John DM"]
[Result "1/2-1/2"]
[WhiteElo "2305"]
[BlackElo "2600"]

1.Nf3 g6 2.g3 Bg7 3.Bg2 e5 4.d3 d6 5.O-O f5 6.c4 Nf6 7.Nc3 O-O 8.Rb1 a5 9.a3 Kh8
10.b4 axb4 11.axb4 c6 12.b5 Be6 13.Bb2 Qc7 14.e3 Nbd7 15.bxc6 bxc6 16.Qe2 Rfb8
17.Ra1 Rxa1 18.Rxa1 Bg8 19.Rb1 Qa5 20.Qc2 Nc5 21.Nd2 d5 22.cxd5 cxd5 23.Ne2 e4
24.dxe4 dxe4 25.Bc3 Qa4  1/2-1/2

[Event "Bundesliga 8990"]
[Site "Germany"]
[Date "1990.??.??"]
[Round "?"]
[White "Fries Nielsen, Jens Ove"]
[Black "Nunn, John DM"]
[Result "1/2-1/2"]
[WhiteElo "2425"]
[BlackElo "2575"]

1.d4 Nf6 2.Nf3 g6 3.g3 Bg7 4.Bg2 O-O 5.O-O d5 6.c4 dxc4 7.Na3 Nc6 8.Nxc4 Be6
9.b3 Bd5 10.Bb2 a5 11.Rc1 Ra6 12.a3 Na7 13.Qd2 c6 14.Qc2 Nb5 15.Ncd2 Nd6
16.a4 Nfe4 17.Nc4 Bh6 18.e3 Qc8 19.Nfe5 Qe6 20.Ba3 Ng5 21.f3 f6 22.e4 Nh3+
23.Bxh3 Qxh3 24.Rce1 fxe5 25.exd5 exd4 26.Bxd6 exd6 27.Qe4 Qf5 28.Qxf5 gxf5
29.dxc6 Rxc6 30.f4 Bg7 31.Re7 d5 32.Nxa5 Rc2 33.Rd1 b6 34.Nb7 Rb2 35.Nd6 Rxb3
36.Ne8 Bh8 37.Kg2 Re3 38.Re1 Rxe1 39.Rxe1 Kf7 40.Nd6+ Kf6 41.Nb5 Kf7 42.Nd6+ Kf6
43.Nb5 Ra8 44.Nc7 Ra5 45.Re6+ Kf7 46.Rxb6 Rxa4 47.Nxd5 d3 48.Kf3 Bd4 49.Rb4 d2  1/2-1/2

[Event "Bundesliga 8990"]
[Site "Germany"]
[Date "1990.??.??"]
[Round "?"]
[White "Christiansen, Larry Mark"]
[Black "Nunn, John DM"]
[Result "1-0"]
[WhiteElo "2555"]
[BlackElo "2575"]

1.d4 Nf6 2.c4 g6 3.Nc3 Bg7 4.e4 d6 5.f3 O-O 6.Be3 Nbd7 7.Nge2 c5 8.Qd2 a6
9.Rd1 Qa5 10.Nc1 cxd4 11.Bxd4 Ne5 12.Nb3 Qc7 13.Rc1 e6 14.Be2 b6 15.O-O Bb7
16.Rfd1 Rfd8 17.Be3 Rab8 18.Bg5 Rd7 19.Qf4 Ne8 20.Bh6 Rc8 21.Bxg7 Kxg7 22.Qe3 Rdd8
23.Rd4 Nc6 24.Rd2 Ne5 25.Rcd1 Ba8 26.Na4 Rb8 27.Nc3 Nf6 28.h3 h5 29.Nd4 Qc5
30.Nc2 Qc7 31.Qd4 Nc6 32.Qf2 Ne5 33.Ne3 Qc5 34.a3 Rbc8 35.f4 Ned7 36.Rxd6 Bxe4
37.Rxd7 Rxd7 38.Rxd7 Bxg2 39.b4 Qc6 40.Rd2 Bxh3 41.Bf3 Qc7 42.Qh4 Bg4 43.Bxg4 Nxg4
44.Qg3 Nxe3 45.Qxe3 Qxc4 46.Qe5+ Kh7 47.Ne4 Qc1+ 48.Kh2 Rc2 49.Nf6+ Kh6 50.Qg5+ Kg7
51.Nxh5+ Kh7 52.Nf6+ Kg7 53.Ne8+ Kg8 54.Rxc2 Qxc2+ 55.Kh3 Qd3+ 56.Kh4 Qf3
57.Qe5 Qh1+ 58.Kg5 Qg2+ 59.Kf6 Qa8 60.Ke7 Qb7+ 61.Qc7  1-0

[Event "Lloyds Bank op"]
[Site "London"]
[Date "1990.??.??"]
[Round "?"]
[White "Southam, Todd"]
[Black "Nunn, John DM"]
[Result "0-1"]
[WhiteElo "2335"]
[BlackElo "2600"]

1.d4 Nf6 2.c4 g6 3.Nc3 Bg7 4.e4 d6 5.Nf3 O-O 6.Be2 e5 7.O-O Nc6 8.d5 Ne7
9.Nd2 a5 10.Rb1 Bd7 11.a3 a4 12.f4 exf4 13.Nf3 Nh5 14.Ng5 Bh6 15.Nh3 Bxh3
16.gxh3 Ng7 17.Bxf4 Bxf4 18.Rxf4 Nc8 19.h4 Nb6 20.Qd4 Qe7 21.Rbf1 Nd7 22.Bg4 Ne5
23.Bd1 c5 24.dxc6 bxc6 25.Rf6 Ne6 26.Qe3 Nxc4 27.Qe2 Qa7+ 28.Kh1 Qd4 29.Bxa4 Rab8
30.Nd1 Nd2 31.Bxc6 Nxf1 32.Rxf1 Rbc8 33.Bd5 Rc1 34.Nc3 Nf4 35.Qf3 Rxf1+ 36.Qxf1 Nxd5
37.exd5 Re8 38.Kg2 Qg4+  0-1

[Event "Lloyds Bank op"]
[Site "London"]
[Date "1990.??.??"]
[Round "?"]
[White "Gallagher, Joseph G"]
[Black "Nunn, John DM"]
[Result "0-1"]
[WhiteElo "2470"]
[BlackElo "2600"]

1.d4 Nf6 2.c4 g6 3.Nc3 Bg7 4.e4 d6 5.f3 O-O 6.Be3 c5 7.Nge2 Nc6 8.d5 Ne5
9.Ng3 e6 10.Be2 exd5 11.cxd5 a6 12.a4 Bd7 13.O-O b5 14.h3 Rb8 15.b3 Ne8 16.Rc1 Qh4
17.Nh1 bxa4 18.bxa4 Rb4 19.Bxa6 Nc7 20.Be2 Ra8 21.Qd2 Qd8 22.Nf2 Bxa4 23.Nxa4 Raxa4
24.f4 Nd7 25.Rc2 Ra3 26.Re1 Rbb3 27.Bc4 Bc3 28.Qd3 Bxe1 29.Bxb3 Qb8 30.Rb2 Qb4
31.Nd1 Bg3 32.Bd2 Qd4+ 33.Qxd4 cxd4 34.Bb4 Ra1 35.Bxd6 Nb5 36.Bb4 Nc3 37.Bxc3 dxc3
38.Re2 Nc5 39.Bc2 Nd3 40.Kf1 Nb4 41.Bb3 Bxf4 42.Kf2 c2 43.Rxc2 Nxc2 44.Bxc2 Ra2
45.Kf3 Rxc2 46.Kxf4 Rxg2 47.Ne3 Rf2+ 48.Kg3 Rd2 49.Kf4 f6 50.Ng4 Kf7 51.e5 Rd4+
52.Ke3 Rxd5 53.Ke4 Ke6 54.exf6 Rh5  0-1

[Event "Lloyds Bank op"]
[Site "London"]
[Date "1990.??.??"]
[Round "?"]
[White "Nunn, John DM"]
[Black "Arkell, Keith C"]
[Result "1/2-1/2"]
[WhiteElo "2600"]
[BlackElo "2460"]

1.e4 c6 2.d4 d5 3.e5 Na6 4.c3 Nc7 5.Ne2 g6 6.Ng3 Nh6 7.Nd2 Bg4 8.f3 Bd7 9.f4 Ne6
10.Nf3 Ng7 11.h3 Nhf5 12.Nxf5 Bxf5 13.g4 Be4 14.Rg1 f5 15.Ng5 e6 16.Qb3 Qd7
17.Be3 Be7 18.Nxe4 fxe4 19.O-O-O O-O-O 20.c4 Kb8 21.c5 Rdg8 22.Qa4 h5 23.b4 hxg4
24.hxg4 a6 25.Qc2 Ne8 26.Rd2 Rh7 27.Rh2 Rgh8 28.Rgh1 Bf8 29.Qf2 Qg7 30.a4 Nc7
31.Rh3 Rxh3 32.Rxh3 Rxh3 33.Bxh3 Qh7 34.Qf1 Be7 35.f5 exf5 36.gxf5 gxf5 37.Qxf5 Qh4
38.Kd2 Ka7 39.Qg4 Qh8 40.Qd7 Bd8 41.Qf5 Qg7 42.Ke2 a5 43.bxa5 Na6 44.Qd7 Qf8
45.Bg4 Qh8 46.Qf5 Qh2+ 47.Qf2 Qh1 48.Qg1 Qh4 49.e6 Nb4 50.Bf2 Qh6 51.Be3 Qh4
52.a6 Kxa6 53.Bf2 Qg5 54.Be3 Qh4 55.Bf2  1/2-1/2

[Event "Novi Sad ol (Men)"]
[Site "Novi Sad"]
[Date "1990.??.??"]
[Round "3"]
[White "Grivas, Efstratios"]
[Black "Nunn, John DM"]
[Result "1/2-1/2"]
[WhiteElo "2435"]
[BlackElo "2610"]

1.d4 Nf6 2.c4 g6 3.Nc3 Bg7 4.e4 d6 5.h3 O-O 6.Be3 Nbd7 7.Bd3 e5 8.d5 Ne8
9.g4 Nc5 10.Bc2 f5 11.gxf5 gxf5 12.Nf3 Qf6 13.h4 h6 14.Qe2 a6 15.O-O-O b5
16.cxb5 axb5 17.Bxc5 dxc5 18.Qxb5  1/2-1/2

[Event "Novi Sad ol (Men)"]
[Site "Novi Sad"]
[Date "1990.??.??"]
[Round "5"]
[White "Jussupow, Artur"]
[Black "Nunn, John DM"]
[Result "1/2-1/2"]
[WhiteElo "2605"]
[BlackElo "2610"]

1.d4 Nf6 2.Nf3 g6 3.c4 Bg7 4.g3 O-O 5.Bg2 c6 6.Nc3 d5 7.cxd5 cxd5 8.Ne5 e6
9.O-O Nfd7 10.Nf3 Nc6 11.Bg5 Qa5 12.a3 h6 13.Bf4 Nf6 14.Ne5 Bd7 15.Qd2 Kh7
16.Rfd1 Nxe5 17.Bxe5 Qb6 18.Rac1 Rac8 19.e3 Rfd8 20.Bf1 Ne8 21.Bxg7  1/2-1/2

[Event "Novi Sad ol (Men)"]
[Site "Novi Sad"]
[Date "1990.??.??"]
[Round "9"]
[White "Nunn, John DM"]
[Black "Stohl, Igor"]
[Result "1-0"]
[WhiteElo "2610"]
[BlackElo "2525"]

1.e4 c5 2.Nf3 d6 3.d4 cxd4 4.Nxd4 Nf6 5.Nc3 a6 6.f4 e6 7.Qf3 Qb6 8.Nb3 Qc7
9.a4 b6 10.Bd3 Bb7 11.O-O Nbd7 12.Bd2 g6 13.Qh3 Bg7 14.Rae1 O-O 15.f5 Rae8
16.Bg5 d5 17.e5 Nxe5 18.Rxe5 d4 19.Bxf6 Bxf6 20.fxg6 fxg6 21.Rxe6 dxc3 22.Rfxf6 cxb2
23.c4 Qg7 24.Rxf8+ Rxf8 25.Qe3 Qc3 26.Re8 Rxe8 27.Qxe8+ Kg7 28.Qe7+ Kg8 29.Qd8+ Kg7
30.Qd4+ Qxd4+ 31.Nxd4 Kf6 32.Kf2 Ke5 33.Nf3+ Kd6 34.Ke3 Kc5 35.Kd2 Kb4 36.Kc2 Ka3
37.Kb1 Kb3 38.Ng5 Kc3 39.Be4 Bxe4+ 40.Nxe4+ Kxc4 41.Kxb2 Kd4 42.Ng5 h5 43.Ne6+ Ke3
44.g3 Ke4 45.Kc3 Kf5 46.Nf4 h4 47.Nd5 hxg3 48.hxg3 Kg4 49.Nxb6 Kxg3 50.Nd5 Kf3
51.Kb4 Ke4 52.Nf6+  1-0

[Event "Novi Sad ol (Men)"]
[Site "Novi Sad"]
[Date "1990.??.??"]
[Round "12"]
[White "Nunn, John DM"]
[Black "Wedberg, Tom"]
[Result "1-0"]
[WhiteElo "2610"]
[BlackElo "2480"]

1.e4 e5 2.Nf3 Nc6 3.Bb5 a6 4.Ba4 Nf6 5.O-O Nxe4 6.d4 b5 7.Bb3 d5 8.dxe5 Be6
9.Nbd2 Be7 10.c3 O-O 11.Bc2 f5 12.Nb3 Qd7 13.Re1 Rad8 14.Qe2 Rfe8 15.Nfd4 Nxd4
16.Nxd4 c5 17.Nxe6 Qxe6 18.f3 Ng5 19.a4 b4 20.cxb4 c4 21.b3 g6 22.bxc4 dxc4
23.Rb1 Rb8 24.Bd2 Qd5 25.Red1 Ne6 26.Bc3 Qc6 27.Kh1 Red8 28.Rxd8+ Bxd8 29.Qf1 Nf4
30.Bd2 Nd5 31.Rc1 Nxb4 32.Bd1 Qd5 33.Qxc4 Qxc4 34.Rxc4 Nd3 35.Bc2 Nxe5 36.Rc5 Bf6
37.Bf4 Re8 38.h3 g5 39.Bd2 g4 40.f4 Ng6 41.Rxf5 Kg7 42.hxg4 Re2 43.Rd5 Nxf4
44.Rd7+ Kf8 45.Bxf4 Rxc2 46.Rd6 Kf7 47.Rxa6 Rc4 48.g5 Bg7 49.g3 Rc2 50.Kg1 Bd4+
51.Kf1 Ra2 52.Ke1 Bc3+ 53.Kd1 Bg7 54.Bd2 Ra3 55.a5 Bc3 56.Bxc3 Rxc3 57.Rf6+ Kg7
58.g4 Rc4 59.Rf5 Rxg4 60.Kc2 Kg6 61.Re5  1-0

[Event "Novi Sad ol (Men)"]
[Site "Novi Sad"]
[Date "1990.??.??"]
[Round "14"]
[White "Nunn, John DM"]
[Black "Arencibia, Walter"]
[Result "0-1"]
[WhiteElo "2610"]
[BlackElo "2555"]

1.e4 e5 2.Nf3 Nc6 3.Bb5 a6 4.Ba4 Nf6 5.O-O b5 6.Bb3 Bb7 7.d3 Be7 8.Nc3 d6
9.a4 Na5 10.Ba2 b4 11.Ne2 c5 12.Ng3 Bc8 13.c3 Rb8 14.d4 b3 15.Bb1 Qc7 16.Nh4 g6
17.f4 cxd4 18.cxd4 Ng4 19.Nf3 exd4 20.Ne2 Nc6 21.Kh1 Bf6 22.Ra3 Qb6 23.a5 Qb4
24.Qd3 Be6 25.Qxa6 Qc5 26.Qd3 Nb4 27.Qd1 d3 28.Bxd3 Nf2+ 29.Rxf2 Qxf2 30.f5 Nxd3
31.Qxd3 Qf1+ 32.Nfg1 gxf5 33.Qxd6 Rc8 34.Rxb3 Rg8 35.Rg3 Rxg3 36.hxg3 Be7
37.Qd2 Bc5 38.Qf4 Qxf4 39.Bxf4 fxe4 40.Nc3 f5 41.g4 Bb4 42.gxf5 Bxf5 43.Nb5 Bd7
44.Nc7+ Kf7 45.a6 Bc6 46.a7 Bc5  0-1

[Event "Hoogovens"]
[Site "Wijk aan Zee"]
[Date "1990.??.??"]
[Round "4"]
[White "Nijboer, Friso"]
[Black "Nunn, John DM"]
[Result "1/2-1/2"]
[WhiteElo "2485"]
[BlackElo "2600"]

1.e4 e5 2.Nf3 Nc6 3.Bb5 a6 4.Ba4 Nf6 5.O-O Be7 6.Re1 b5 7.Bb3 O-O 8.a4 Bb7
9.d3 d6 10.Nc3 Na5 11.Ba2 b4 12.Ne2 c5 13.c3 c4 14.cxb4 cxd3 15.Nc3 Nc6 16.Bd5 Rb8
17.b5 Nb4 18.Bxb7 Rxb7 19.bxa6 Ra7 20.Bg5 Rxa6 21.Bxf6 Bxf6 22.Na2 Rb6 23.a5 Rb8
24.Nxb4 Rxb4 25.Qxd3 Rxb2 26.Nd2 Rb4 27.Reb1 Rxb1+ 28.Nxb1 d5 29.Qxd5 Qc7
30.Nd2 Qc3 31.Qa2 Be7 32.a6 Bc5 33.g3 h5 34.Kg2 h4 35.Nb3 Ba7 36.Rc1 Qd3
37.Qc2 Qxa6 38.Ra1 Qb6 39.Na5 Qe6 40.Nc6 h3+ 41.Kf1 Bd4 42.Rd1 Qf6 43.Nxd4 exd4
44.Qd3 Ra8 45.Qxd4 Qf3 46.e5 Qg2+ 47.Ke2 Rc8 48.Rd2  1/2-1/2

[Event "Hoogovens"]
[Site "Wijk aan Zee"]
[Date "1990.??.??"]
[Round "5"]
[White "Nunn, John DM"]
[Black "Gurevich, Mikhail"]
[Result "1/2-1/2"]
[WhiteElo "2600"]
[BlackElo "2645"]

1.e4 e6 2.d4 d5 3.Nc3 Nf6 4.e5 Nfd7 5.f4 c5 6.Nf3 Nc6 7.Be3 cxd4 8.Nxd4 Bc5
9.Qd2 Nxd4 10.Bxd4 Bxd4 11.Qxd4 Qb6 12.Qxb6 Nxb6 13.Nb5 Ke7 14.Nd4 Bd7 15.Bd3 Na4
16.O-O-O Nc5 17.Kd2 g5 18.fxg5 Rag8 19.h4 h6 20.Nf3 hxg5 21.hxg5 Rxh1 22.Rxh1 Ne4+
23.Ke3 Nxg5 24.Rh5 Nxf3 25.gxf3 Bc6 26.Rh4 Rg5 27.f4 Rg1 28.b3 Rg3+ 29.Kd4 Rf3  1/2-1/2

[Event "Hoogovens"]
[Site "Wijk aan Zee"]
[Date "1990.??.??"]
[Round "6"]
[White "Kortschnoj, Viktor"]
[Black "Nunn, John DM"]
[Result "1-0"]
[WhiteElo "2625"]
[BlackElo "2600"]

1.d4 Nf6 2.c4 g6 3.Nc3 Bg7 4.e4 d6 5.Be2 O-O 6.Nf3 e5 7.Be3 h6 8.O-O Ng4
9.Bc1 Nc6 10.d5 Ne7 11.Ne1 f5 12.Bxg4 fxg4 13.Be3 b6 14.Nd3 g5 15.b4 Ng6
16.a4 Nf4 17.a5 Rb8 18.Nb5 Ba6 19.axb6 Bxb5 20.Rxa7 Bxc4 21.bxc7 Qf6 22.cxb8=Q Rxb8
23.Bxf4 exf4 24.Ra3 g3 25.hxg3 fxg3 26.fxg3 Qd4+ 27.Kh2 Qxe4 28.Qf3 Bxd5
29.Qxe4 Bxe4 30.Rd1 Rb6 31.Ra7 Rb7 32.Rxb7 Bxb7 33.b5 Bc3 34.Nc5 dxc5 35.Rd8+ Kf7
36.Rd7+ Ke6 37.Rxb7 Kd5 38.Rd7+ Ke6 39.Rh7 c4 40.Rxh6+ Kd5 41.b6 Be5 42.b7 c3
43.Rh8  1-0

[Event "Hoogovens"]
[Site "Wijk aan Zee"]
[Date "1990.??.??"]
[Round "10"]
[White "Kuijf, Marinus"]
[Black "Nunn, John DM"]
[Result "0-1"]
[WhiteElo "2490"]
[BlackElo "2600"]

1.e4 e5 2.Nf3 Nc6 3.Bc4 Nf6 4.d3 Be7 5.O-O O-O 6.Re1 d6 7.a3 Kh8 8.Bg5 h6
9.Bh4 Nh5 10.Bxe7 Qxe7 11.Nc3 Nf4 12.Nd5 Nxd5 13.Bxd5 Bg4 14.h3 Bh5 15.c3 Nd8
16.d4 exd4 17.cxd4 c6 18.Bc4 Ne6 19.Bxe6 fxe6 20.Re3 Rf4 21.Qc2 Bxf3 22.Rxf3 Rxf3
23.gxf3 Rf8 24.Qd3 Rf4 25.Qe3 Qf6 26.Kg2 Qg6+ 27.Kh2 Rh4 28.Rh1 d5 29.Rg1 Rxh3+
30.Kxh3 Qxg1 31.exd5 exd5 32.Qe8+ Kh7 33.Qf7 Qh1+ 34.Kg3 Qg1+ 35.Kh3 a6 36.a4 Qh1+
37.Kg3 Qg1+ 38.Kh3 b6 39.b4 Qh1+ 40.Kg3 Qg1+ 41.Kh3 Qg6 42.Qa7 Qc2 43.Qxa6 Qc3
44.Qe2 Qxb4 45.Qc2+ Kg8 46.Qxc6 Qxd4 47.Qc8+ Kf7 48.Qd7+ Kg6 49.Kg2 Qf6 50.Qe8+ Kh7
51.Qb5 d4 52.f4 Qxf4 53.Qxb6 d3 54.a5 Qg4+ 55.Kh2 Qh5+  0-1

[Event "Hoogovens"]
[Site "Wijk aan Zee"]
[Date "1990.??.??"]
[Round "11"]
[White "Nunn, John DM"]
[Black "Andersson, Ulf"]
[Result "1/2-1/2"]
[WhiteElo "2600"]
[BlackElo "2630"]

1.e4 e6 2.d4 d5 3.Nc3 Nf6 4.e5 Nfd7 5.f4 c5 6.Nf3 Nc6 7.Be3 cxd4 8.Nxd4 Bc5
9.Qd2 Nxd4 10.Bxd4 Bxd4 11.Qxd4 Qb6 12.Qxb6 Nxb6 13.Nb5 Ke7 14.Nd4 Bd7 15.Bd3 Na4
16.O-O-O Nc5 17.Kd2 g5 18.fxg5 Rag8 19.h4 h6 20.Nf3 hxg5 21.hxg5 Rxh1 22.Rxh1 Ne4+
23.Ke3 Nxg5 24.Rh5 Nxf3 25.gxf3  1/2-1/2

[Event "Hoogovens"]
[Site "Wijk aan Zee"]
[Date "1990.??.??"]
[Round "12"]
[White "Nunn, John DM"]
[Black "Dlugy, Maxim"]
[Result "1-0"]
[WhiteElo "2600"]
[BlackElo "2525"]

1.e4 c5 2.Nf3 d6 3.d4 cxd4 4.Nxd4 Nf6 5.Nc3 Nc6 6.Bc4 e6 7.Be3 Be7 8.Qe2 O-O
9.O-O-O Bd7 10.f4 Rc8 11.Bb3 Qa5 12.Ndb5 d5 13.f5 dxe4 14.Nxe4 Nxe4 15.Rxd7 exf5
16.Nxa7 Rc7 17.Nxc6 bxc6 18.Rhd1 Rxd7 19.Rxd7 Qe5 20.g3 Nc5 21.Rd2 Bf6 22.c3 Re8
23.Bxc5 Qxe2 24.Rxe2 Rxe2 25.a4 Bg5+ 26.Kb1 Be3 27.Bd1 Re1 28.Bxe3 Rxe3 29.a5 Kf8
30.Ba4 Ke7 31.Bxc6 Kd6 32.Bb7 g5 33.a6 Kc7 34.Kc1 f4 35.Kd2 Re6 36.gxf4 g4
37.b4 Rh6 38.c4 Rxh2+ 39.Ke3 Ra2 40.c5 Rb2 41.Bd5 Kb8 42.c6 Rc2 43.Kd3 Rc1
44.a7+ Kxa7 45.Kd2 Rxc6 46.Bxc6 h5 47.Ke2 h4 48.Kf2  1-0

[Event "Athens m"]
[Site "Athens"]
[Date "1991.??.??"]
[Round "1"]
[White "Nunn, John DM"]
[Black "Grivas, Efstratios"]
[Result "1-0"]
[WhiteElo "2600"]
[BlackElo "2425"]

1.e4 c5 2.Nf3 Nc6 3.d4 cxd4 4.Nxd4 Qb6 5.Nb3 Nf6 6.Nc3 e6 7.Bd3 Be7 8.Be3 Qc7
9.f4 d6 10.O-O a6 11.Qf3 O-O 12.Rae1 b5 13.g4 Bb7 14.g5 Nd7 15.Qh5 Nb4 16.Rf3 Nxd3
17.cxd3 Rfe8 18.Ref1 g6 19.Qh6 Bf8 20.Qh4 Bg7 21.Rh3 h5 22.gxh6 Bf6 23.h7+ Kh8
24.Bd4 Bxd4+ 25.Nxd4 Qb6 26.Ne2 Rac8 27.Qh6 Nf6 28.Qg5 Nd7 29.Kh1 Qd8 30.Qh6 Qf6
31.Kg1 Qg7 32.Qh4 e5 33.Nf3 d5 34.d4 Rc2 35.fxe5 Rxe2 36.Ng5 f6 37.exf6 Nxf6
38.e5 Nh5 39.Rf7 Qh6 40.Rxb7 Rf8 41.Nf7+  1-0